02157nam a2200337 u 450000100060000000300100000600500170001600700030003300800410003602000240007702000270010103500100012803500210013804000350015904100130019408000080020708200080021510000480022324500420027124600280031326400410034130000180038249000350040050511940043565000220162965000330165165000350168465000190171970000310173883000500176924108CO-MdUADB20260428111416.0ta960313s1983 sp gr spa d a8475303218qISBN-10 a9788475303215qISBN-13 a24108 a(OCoLC)778064130 aCO-MdUADBbspacCO-MdUADBerda aspaheng aINV 4a33010aMishan, Edward Joshua,d1917-20144auteaut14aLos costes del desarrollo económico11aGrowth the price we pay 1aBarcelona :bEdiciones Orbis, c1983 a250 páginas1 aBiblioteca de Economía ; v60 tPARTE I: La economía: ¿necesidad o elección? --t1. La obsesión del desarrollo --t2. El error de la ausencia de elección --t3. Las alternativas que nos abren -- tPARTE II: Rebosamientos: el mal de la sociedad opulenta --t4. En qué consisten los efectos de rebosamiento? --t5. Derechos de propiedad y derechos de apacibilidad --t6. Prohibición total de rebosamiento --t7. Medios separados --tPARTE III: La magnitud del mal --t8. El colapso de la ciudad: amontonamiento y afeamiento --t9. El colapso de la ciudad: la congestión del tráfico --t10. La economía del transporte --t11. Conflicto social -- tPARTE IV: Renta nacional y bienestar nacional: una falsa ecuación --t12. El mito de la soberanía del consumidor --t13. La débil conexión entre elección efectiva y bienestar --tPARTE V: Reflexiones de las consecuencias del desarrollo económico --t14: Introducción --t15: La creciente amenaza de obsolescencia --t16: Nuestro planeta se nos queda pequeño --t17-18: La salvación por la ciencia: 1 y 2 --t19-20: El desarrollo propulsado por el beneficio: 1 y 2 --t21: El culto de la eficacia --tPARTE VI: Conclusiones y apéndices  7aConsumismo2embne 7aDesarrollo económico2lemb 7aEconomía del bienestar2lemb 7aProgreso2lemb aMinguella Rubió, F.etrl 0aBiblioteca de Economía (Ediciones Orbis)v6